Normal view
MARC view
- Fazal Ur Rahman
Entry Personal Name
001 - CONTROL NUMBER
- control field: 54766
003 - CONTROL NUMBER IDENTIFIER
- control field: NUST
005 - DATE AND TIME OF LATEST TRANSACTION
- control field: 20210421120034.0
008 - FIXED-LENGTH DATA ELEMENTS
- fixed length control field: 210421|| aca||aabn | a|a d
040 ## - CATALOGING SOURCE
- Original cataloging agency: NUST
- Transcribing agency: NUST
100 ## - HEADING--PERSONAL NAME
- Personal name: Fazal Ur Rahman
670 ## - SOURCE DATA FOUND
- Source citation: Work cat.: (NUST): Fazal Ur Rahman, Preparation And Dielectric Properties Of Copper Based Nano -Ferrites, 2011
